[Event "7th Iberoamerican-ch 2019"]
[Site "Linares"]
[Date "2019.08.10"]
[Round "1.26"]
[White "Vega Gutierrez, Belinda"]
[Black "Fluvia Poyatos, Jordi"]
[Result "1-0"]
[WhiteElo "2133"]
[BlackElo "2455"]
[Annotator "ChessBase"]
[PlyCount "119"]
[EventDate "2019.08.10"]
[EventType "swiss"]
[EventCountry "ESP"]
[SourceTitle "playchess.com"]
[Source "ChessBase"]
[SourceQuality "1"]
[TimeControl "5400+30"]

1. e4 {[%emt 0:00:00]} c6 {[%emt 0:00:00]} 2. Nc3 {[%emt 0:00:00]} d5 {[%emt 0:00:08]} 3. Qf3 {[%emt 0:00:06]} e6 {[%emt 0:02:20]} 4. Nh3 {[%emt 0:01:54]} Nf6 {[%emt 0:03:33]} 5. e5 {[%emt 0:02:12]} Ng8 {[%emt 0:02:40]} 6. d4 {[%emt 0:01:57]} b6 {[%emt 0:07:07]} 7. Bd3 {[%emt 0:06:01]} Qd7 {[%emt 0:15:08]} 8. Ng5 {[%emt 0:15:08]} h6 {[%emt 0:08:27]} 9. Qh5 {[%emt 0:02:48]} hxg5 {[%emt 0:17:47]} 10. Qxh8 {[%emt 0:00:11]} Ne7 {[%emt 0:00:59]} 11. Bxg5 {[%emt 0:01:22]} Ba6 {[%emt 0:00:16]} 12. O-O-O {[%emt 0:03:14]} c5 {[%emt 0:02:20]} 13. Bxe7 {[%emt 0:10:58]} Qxe7 {[%emt 0:01:05]} 14. Bb5+ {[%emt 0:08:04]} Bxb5 {[%emt 0:02:14]} 15. Nxb5 {[%emt 0:00:10]} Nc6 {[%emt 0:00:41]} 16. f4 {[%emt 0:14:23]} cxd4 {[%emt 0:01:18]} 17. Nxd4 {[%emt 0:07:30]} Na5 {[%emt 0:00:10]} 18. f5 {[%emt 0:06:59]} exf5 {[%emt 0:03:13]} 19. e6 {[%emt 0:02:39]} O-O-O {[%emt 0:00:44]} 20. Qh3 {[%emt 0:08:25]} g6 {[%emt 0:01:52]} 21. Rhe1 {[%emt 0:00:48]} f6 {[%emt 0:01:16]} 22. Qf3 {[%emt 0:02:34]} Qb7 {[%emt 0:11:41]} 23. Re2 {[%emt 0:00:30]} Nc4 {[%emt 0:00:47]} 24. h4 {[%emt 0:02:18]} Qa6 {[%emt 0:06:27]} 25. Kb1 {[%emt 0:00:10]} Ne5 {[%emt 0:00:11]} 26. Qb3 {[%emt 0:00:36]} Bc5 {[%emt 0:00:26]} 27. Qb5 {[%emt 0:00:52]} Qxb5 {[%emt 0:02:48]} 28. Nxb5 {[%emt 0:00:02]} a6 {[%emt 0:00:23]} 29. Nd4 {[%emt 0:00:39]} Kb7 {[%emt 0:02:18]} 30. Nf3 {[%emt 0:00:59]} Nc6 {[%emt 0:00:36]} 31. Red2 {[%emt 0:00:22]} Ne7 {[%emt 0:02:05]} 32. c4 {[%emt 0:00:27]} Kc7 {[%emt 0:00:03]} 33. cxd5 {[%emt 0:00:28]} Kd6 {[%emt 0:00:06]} 34. a3 {[%emt 0:00:16]} a5 {[%emt 0:00:04]} 35. Rd3 {[%emt 0:00:36]} f4 {[%emt 0:01:54]} 36. Kc2 {[%emt 0:01:18]} Rh8 {[%emt 0:00:40]} 37. Nd2 {[%emt 0:00:30]} Nf5 {[%emt 0:01:05]} 38. Nc4+ {[%emt 0:00:37]} Ke7 {[%emt 0:00:08]} 39. Kc3 {[%emt 0:00:45]} a4 {[%emt 0:01:44]} 40. d6+ {[%emt 0:00:35]} Kxe6 {[%emt 0:00:26]} 41. d7 {[%emt 0:00:03]} Rd8 {[%emt 0:00:14]} 42. Re1+ {[%emt 0:00:27]} Kf7 {[%emt 0:00:41]} 43. Rf1 {[%emt 0:00:38]} Nxh4 {[%emt 0:01:24]} 44. Rxf4 {[%emt 0:00:27]} g5 {[%emt 0:01:28]} 45. Re4 {[%emt 0:00:16]} Nxg2 {[%emt 0:00:45]} 46. Nd6+ {[%emt 0:00:34]} Bxd6 {[%emt 0:00:11]} 47. Rxd6 {[%emt 0:00:02]} Nf4 {[%emt 0:00:05]} 48. Kb4 {[%emt 0:00:26]} Ng6 {[%emt 0:01:02]} 49. Kb5 {[%emt 0:01:16]} Nf8 {[%emt 0:00:53]} 50. Kc6 {[%emt 0:00:14]} Nxd7 {[%emt 0:00:36]} 51. Rxd7+ {[%emt 0:00:20]} Rxd7 {[%emt 0:00:03]} 52. Kxd7 {[%emt 0:00:04]} f5 {[%emt 0:00:03]} 53. Re1 {[%emt 0:01:35]} g4 {[%emt 0:01:19]} 54. Kd6 {[%emt 0:00:10]} Kf6 {[%emt 0:00:03]} 55. Kd5 {[%emt 0:00:18]} Kg5 {[%emt 0:00:11]} 56. Ke5 {[%emt 0:01:00]} g3 {[%emt 0:00:38]} 57. Rf1 {[%emt 0:00:27]} Kg4 {[%emt 0:01:13]} 58. Rxf5 {[%emt 0:00:20]} g2 {[%emt 0:00:10]} 59. Rf8 {[%emt 0:00:04]} Kh3 {[%emt 0:00:07]} 60. Rg8 {[%emt 0:00:21]} 1-0

[Event "7th Iberoamerican-ch 2019"]
[Site "Linares"]
[Date "2019.08.10"]
[Round "1.27"]
[White "Zambrana, Oswaldo"]
[Black "Arroyo Rodriguez, Jesus"]
[Result "1-0"]
[WhiteElo "2440"]
[BlackElo "2121"]
[Annotator "NA"]
[PlyCount "61"]
[EventDate "2019.08.10"]
[EventType "swiss"]
[EventCountry "ESP"]
[SourceTitle "playchess.com"]
[Source "ChessBase"]
[SourceQuality "1"]
[TimeControl "5400+30"]

1. e4 {[%emt 0:00:00]} c5 {[%emt 0:00:00]} 2. Nf3 {[%emt 0:00:00]} g6 {[%emt 0:00:00]} 3. d4 {[%emt 0:00:00]} cxd4 {[%emt 0:00:00]} 4. Nxd4 {[%emt 0:00:03]} Bg7 {[%emt 0:00:02]} 5. Nc3 {[%emt 0:00:07]} Nc6 {[%emt 0:00:11]} 6. Be3 {[%emt 0:00:15]} Nf6 {[%emt 0:00:10]} 7. Bc4 {[%emt 0:00:11]} Qa5 {[%emt 0:00:24]} 8. O-O {[%emt 0:00:57]} O-O {[%emt 0:00:13]} 9. Nb3 {[%emt 0:04:14]} Qc7 {[%emt 0:00:54]} 10. Bg5 {[%emt 0:00:59]} e6 {[%emt 0:00:25]} 11. Be2 {[%emt 0:03:57]} a6 {[%emt 0:00:35]} 12. Qd2 {[%emt 0:04:36]} b5 {[%emt 0:02:46]} 13. a3 {[%emt 0:00:51]} d6 {[%emt 0:02:42]} 14. Rad1 {[%emt 0:02:26]} Rd8 {[%emt 0:02:49]} 15. Qf4 {[%emt 0:00:15]} Ne8 {[%emt 0:11:28]} 16. Qh4 {[%emt 0:08:47]} f6 {[%emt 0:08:46]} 17. Bh6 {[%emt 0:02:19]} Ne5 {[%emt 0:03:46]} 18. f4 {[%emt 0:02:07]} Nc4 {[%emt 0:03:21]} 19. Bxg7 {[%emt 0:02:15]} Kxg7 {[%emt 0:01:30]} 20. Bxc4 {[%emt 0:01:02]} bxc4 {[%emt 0:01:04]} 21. Nd4 {[%emt 0:00:06]} Rb8 {[%emt 0:08:32]} 22. f5 {[%emt 0:09:21]} g5 {[%emt 0:13:44]} 23. Qh3 {[%emt 0:08:30]} exf5 {[%emt 0:03:28]} 24. exf5 {[%emt 0:08:11]} Rxb2 {[%emt 0:07:05]} 25. Rfe1 {[%emt 0:06:07]} Qf7 {[%emt 0:01:15]} 26. Re2 {[%emt 0:04:08]} Nc7 {[%emt 0:00:41]} 27. Rde1 {[%emt 0:00:43]} Re8 {[%emt 0:03:36]} 28. Rxe8 {[%emt 0:09:35]} Nxe8 {[%emt 0:00:01]} 29. Nc6 {[%emt 0:00:22]} Kh8 {[%emt 0:05:34]} 30. Re7 {[%emt 0:01:36]} Qg8 {[%emt 0:00:12]} 31. Nd8 {[%emt 0:00:40]} 1-0

[Event "7th Iberoamerican-ch 2019"]
[Site "Linares"]
[Date "2019.08.10"]
[Round "1.28"]
[White "Carrasco Sagredo, Manuel"]
[Black "Huerga Leache, Mikel"]
[Result "0-1"]
[WhiteElo "2106"]
[BlackElo "2440"]
[Annotator "NA"]
[PlyCount "86"]
[EventDate "2019.08.10"]
[EventType "swiss"]
[EventCountry "ESP"]
[SourceTitle "playchess.com"]
[Source "ChessBase"]
[SourceQuality "1"]
[TimeControl "5400+30"]

1. e4 {[%emt 0:00:00]} c5 {[%emt 0:00:00]} 2. Nf3 {[%emt 0:00:00]} Nc6 {[%emt 0:00:04]} 3. Bb5 {[%emt 0:00:49]} g6 {[%emt 0:00:26]} 4. Bxc6 {[%emt 0:00:57]} bxc6 {[%emt 0:00:25]} 5. O-O {[%emt 0:03:45]} Bg7 {[%emt 0:00:06]} 6. Re1 {[%emt 0:00:24]} e5 {[%emt 0:02:59]} 7. b3 {[%emt 0:04:45]} d6 {[%emt 0:02:12]} 8. Bb2 {[%emt 0:04:47]} Ne7 {[%emt 0:05:59]} 9. Na3 {[%emt 0:05:03]} O-O {[%emt 0:01:41]} 10. Nc4 {[%emt 0:02:54]} f5 {[%emt 0:01:19]} 11. d3 {[%emt 0:07:09]} h6 {[%emt 0:01:38]} 12. Bc3 {[%emt 0:04:16]} g5 {[%emt 0:02:30]} 13. Ba5 {[%emt 0:00:08]} Qd7 {[%emt 0:00:41]} 14. c3 {[%emt 0:01:03]} Ng6 {[%emt 0:09:08]} 15. exf5 {[%emt 0:24:15]} Rxf5 {[%emt 0:01:21]} 16. d4 {[%emt 0:00:04]} exd4 {[%emt 0:05:42]} 17. cxd4 {[%emt 0:06:19]} g4 {[%emt 0:09:55]} 18. Nfd2 {[%emt 0:01:06]} Bxd4 {[%emt 0:03:26]} 19. Qxg4 {[%emt 0:01:48]} Qg7 {[%emt 0:09:05]} 20. Re8+ {[%emt 0:09:29]} Kh7 {[%emt 0:01:34]} 21. Rxc8 {[%emt 0:08:55]} Bxf2+ {[%emt 0:08:11]} 22. Kf1 {[%emt 0:00:23]} Qxa1+ {[%emt 0:00:27]} 23. Ke2 {[%emt 0:00:07]} Qe1+ {[%emt 0:02:34]} 24. Kd3 {[%emt 0:00:29]} Rxc8 {[%emt 0:03:09]} 25. Qxf5 {[%emt 0:00:05]} Rf8 {[%emt 0:00:18]} 26. Qd7+ {[%emt 0:04:34]} Qe7 {[%emt 0:00:21]} 27. Qxe7+ {[%emt 0:01:36]} Nxe7 {[%emt 0:00:02]} 28. Nxd6 {[%emt 0:00:10]} Nd5 {[%emt 0:01:43]} 29. N2e4 {[%emt 0:01:04]} Bg1 {[%emt 0:00:37]} 30. g3 {[%emt 0:01:01]} Bxh2 {[%emt 0:01:31]} 31. Nb7 {[%emt 0:00:38]} Bxg3 {[%emt 0:01:53]} 32. Nbxc5 {[%emt 0:00:35]} Bc7 {[%emt 0:01:55]} 33. Bd2 {[%emt 0:00:40]} Bb6 {[%emt 0:00:53]} 34. Ne6 {[%emt 0:01:07]} Re8 {[%emt 0:00:31]} 35. Nd4 {[%emt 0:00:12]} Bxd4 {[%emt 0:00:38]} 36. Kxd4 {[%emt 0:00:03]} Kg6 {[%emt 0:01:24]} 37. Nd6 {[%emt 0:01:19]} Re2 {[%emt 0:01:02]} 38. Kd3 {[%emt 0:00:06]} Re6 {[%emt 0:00:21]} 39. Nc4 {[%emt 0:02:53]} h5 {[%emt 0:00:14]} 40. Kd4 {[%emt 0:00:07]} h4 {[%emt 0:00:39]} 41. Ne5+ {[%emt 0:00:17]} Rxe5 {[%emt 0:00:18]} 42. Kxe5 {[%emt 0:00:09]} h3 {[%emt 0:00:02]} 43. Bf4 {[%emt 0:00:07]} Nxf4 {[%emt 0:00:04]} 0-1

[Event "7th Iberoamerican-ch 2019"]
[Site "Linares"]
[Date "2019.08.10"]
[Round "1.29"]
[White "Ladron De Guevara Pinto, Paolo"]
[Black "Luque Saiz, Andres"]
[Result "1-0"]
[WhiteElo "2416"]
[BlackElo "1988"]
[Annotator "NA"]
[PlyCount "93"]
[EventDate "2019.08.10"]
[EventType "swiss"]
[EventCountry "ESP"]
[SourceTitle "playchess.com"]
[Source "ChessBase"]
[SourceQuality "1"]
[TimeControl "5400+30"]

1. e4 {[%emt 0:00:23]} c6 {[%emt 0:00:00]} 2. Nc3 {[%emt 0:01:30]} d5 {[%emt 0:00:04]} 3. Nf3 {[%emt 0:00:14]} Bg4 {[%emt 0:00:19]} 4. h3 {[%emt 0:00:13]} Bxf3 {[%emt 0:00:15]} 5. Qxf3 {[%emt 0:00:14]} e6 {[%emt 0:01:06]} 6. Be2 {[%emt 0:03:53]} Nd7 {[%emt 0:03:34]} 7. O-O {[%emt 0:03:14]} Ngf6 {[%emt 0:02:19]} 8. d4 {[%emt 0:04:12]} dxe4 {[%emt 0:02:30]} 9. Nxe4 {[%emt 0:00:08]} Nxe4 {[%emt 0:00:53]} 10. Qxe4 {[%emt 0:00:08]} Nf6 {[%emt 0:02:51]} 11. Qe3 {[%emt 0:02:46]} Bd6 {[%emt 0:02:29]} 12. c4 {[%emt 0:00:28]} O-O {[%emt 0:01:35]} 13. b3 {[%emt 0:02:49]} Qd7 {[%emt 0:08:21]} 14. a4 {[%emt 0:02:53]} Rfd8 {[%emt 0:02:35]} 15. Bb2 {[%emt 0:00:09]} Qe7 {[%emt 0:01:40]} 16. Rfd1 {[%emt 0:08:13]} Rac8 {[%emt 0:03:00]} 17. Rd3 {[%emt 0:01:17]} b6 {[%emt 0:11:08]} 18. Rad1 {[%emt 0:02:55]} Nd7 {[%emt 0:03:27]} 19. Qd2 {[%emt 0:02:54]} Bb4 {[%emt 0:05:41]} 20. Qc1 {[%emt 0:02:07]} Kf8 {[%emt 0:11:11]} 21. Bf3 {[%emt 0:03:57]} c5 {[%emt 0:04:43]} 22. d5 {[%emt 0:01:08]} e5 {[%emt 0:07:29]} 23. d6 {[%emt 0:01:06]} Qf6 {[%emt 0:05:06]} 24. Bd5 {[%emt 0:00:46]} Qh4 {[%emt 0:02:17]} 25. Qe3 {[%emt 0:02:02]} Re8 {[%emt 0:02:20]} 26. Be4 {[%emt 0:00:34]} Rcd8 {[%emt 0:00:58]} 27. Bf5 {[%emt 0:02:27]} Qf6 {[%emt 0:02:47]} 28. Qe4 {[%emt 0:02:24]} g6 {[%emt 0:01:00]} 29. Bg4 {[%emt 0:01:48]} h5 {[%emt 0:02:08]} 30. Rf3 {[%emt 0:07:14]} Qg7 {[%emt 0:02:48]} 31. Bxd7 {[%emt 0:00:13]} Rxd7 {[%emt 0:00:03]} 32. Rd5 {[%emt 0:00:10]} Kg8 {[%emt 0:06:18]} 33. Rxe5 {[%emt 0:00:31]} Rxe5 {[%emt 0:00:31]} 34. Bxe5 {[%emt 0:00:07]} Qf8 {[%emt 0:00:02]} 35. Rf6 {[%emt 0:02:27]} Bd2 {[%emt 0:01:08]} 36. f4 {[%emt 0:00:09]} Kh7 {[%emt 0:00:52]} 37. Qe2 {[%emt 0:01:42]} Ba5 {[%emt 0:00:25]} 38. f5 {[%emt 0:02:05]} Qe8 {[%emt 0:00:23]} 39. Kf1 {[%emt 0:00:57]} a6 {[%emt 0:01:51]} 40. fxg6+ {[%emt 0:04:01]} fxg6 {[%emt 0:00:05]} 41. Bb2 {[%emt 0:00:33]} Qg8 {[%emt 0:01:29]} 42. Qf2 {[%emt 0:00:48]} Rd8 {[%emt 0:00:35]} 43. Rf7+ {[%emt 0:00:07]} Kh6 {[%emt 0:00:07]} 44. Qf4+ {[%emt 0:00:17]} g5 {[%emt 0:00:10]} 45. Rf6+ {[%emt 0:00:05]} Kh7 {[%emt 0:01:17]} 46. Qf5+ {[%emt 0:00:05]} Kh8 {[%emt 0:00:31]} 47. Rh6# 1-0

[Event "7th Iberoamerican-ch 2019"]
[Site "Linares"]
[Date "2019.08.10"]
[Round "1.30"]
[White "Paiva, Henrique M A Alberga"]
[Black "Damaso, Rui"]
[Result "0-1"]
[WhiteElo "2122"]
[BlackElo "2425"]
[Annotator "NA"]
[PlyCount "62"]
[EventDate "2019.08.10"]
[EventType "swiss"]
[EventCountry "ESP"]
[SourceTitle "playchess.com"]
[Source "ChessBase"]
[SourceQuality "1"]
[TimeControl "5400+30"]

1. Nf3 {[%emt 0:01:23]} d6 {[%emt 0:00:01]} 2. e4 {[%emt 0:01:53]} Nf6 {[%emt 0:00:28]} 3. Nc3 {[%emt 0:00:23]} c6 {[%emt 0:01:10]} 4. a4 {[%emt 0:02:45]} Bg4 {[%emt 0:05:14]} 5. Be2 {[%emt 0:02:50]} e6 {[%emt 0:02:37]} 6. d4 {[%emt 0:11:20]} Be7 {[%emt 0:01:53]} 7. O-O {[%emt 0:00:18]} d5 {[%emt 0:01:21]} 8. exd5 {[%emt 0:09:37]} cxd5 {[%emt 0:00:45]} 9. Ne5 {[%emt 0:08:11]} Bxe2 {[%emt 0:00:19]} 10. Nxe2 {[%emt 0:00:18]} Nc6 {[%emt 0:05:26]} 11. Nd3 {[%emt 0:05:25]} Ne4 {[%emt 0:04:41]} 12. f3 {[%emt 0:02:19]} Nd6 {[%emt 0:02:35]} 13. c3 {[%emt 0:00:12]} O-O {[%emt 0:06:04]} 14. Ng3 {[%emt 0:07:53]} Rc8 {[%emt 0:05:48]} 15. Qe2 {[%emt 0:12:51]} Re8 {[%emt 0:01:46]} 16. Bf4 {[%emt 0:09:59]} Bf8 {[%emt 0:02:35]} 17. Bxd6 {[%emt 0:00:35]} Qxd6 {[%emt 0:04:13]} 18. f4 {[%emt 0:00:40]} Na5 {[%emt 0:02:01]} 19. Rae1 {[%emt 0:05:16]} g6 {[%emt 0:07:32]} 20. f5 {[%emt 0:06:52]} exf5 {[%emt 0:06:08]} 21. Qxe8 {[%emt 0:01:55]} Rxe8 {[%emt 0:00:04]} 22. Rxe8 {[%emt 0:00:07]} Qd7 {[%emt 0:02:23]} 23. Rfe1 {[%emt 0:00:43]} Kg7 {[%emt 0:03:21]} 24. b4 {[%emt 0:01:11]} Nc4 {[%emt 0:00:44]} 25. a5 {[%emt 0:02:34]} Bd6 {[%emt 0:02:14]} 26. Nc5 {[%emt 0:00:34]} Qc6 {[%emt 0:05:28]} 27. Nf1 {[%emt 0:01:33]} b6 {[%emt 0:01:30]} 28. axb6 {[%emt 0:00:21]} axb6 {[%emt 0:00:04]} 29. Nd3 {[%emt 0:00:08]} Na3 {[%emt 0:05:32]} 30. Rd8 {[%emt 0:02:08]} Bc7 {[%emt 0:00:20]} 31. Ne5 {[%emt 0:02:15]} Qxc3 {[%emt 0:00:52]} 0-1

[Event "7th Iberoamerican-ch 2019"]
[Site "Linares"]
[Date "2019.08.10"]
[Round "1.31"]
[White "Gines Esteo, Pedro Antonio"]
[Black "Ingunza Curro, Andres"]
[Result "1-0"]
[WhiteElo "2404"]
[BlackElo "2131"]
[Annotator "NA"]
[PlyCount "73"]
[EventDate "2019.08.10"]
[EventType "swiss"]
[EventCountry "ESP"]
[SourceTitle "playchess.com"]
[Source "ChessBase"]
[SourceQuality "1"]
[TimeControl "5400+30"]

1. Nf3 {[%emt 0:00:00]} e6 {[%emt 0:00:05]} 2. b3 {[%emt 0:01:49]} Nf6 {[%emt 0:00:50]} 3. Bb2 {[%emt 0:00:06]} d5 {[%emt 0:00:57]} 4. c4 {[%emt 0:01:54]} Be7 {[%emt 0:02:32]} 5. e3 {[%emt 0:01:16]} O-O {[%emt 0:01:13]} 6. Nc3 {[%emt 0:02:09]} b6 {[%emt 0:01:17]} 7. cxd5 {[%emt 0:02:15]} exd5 {[%emt 0:01:47]} 8. d4 {[%emt 0:00:13]} Bb7 {[%emt 0:02:11]} 9. Bd3 {[%emt 0:03:39]} Nbd7 {[%emt 0:01:49]} 10. O-O {[%emt 0:00:09]} Re8 {[%emt 0:09:57]} 11. Rc1 {[%emt 0:01:59]} a6 {[%emt 0:02:58]} 12. Ne2 {[%emt 0:04:18]} Bf8 {[%emt 0:12:27]} 13. Nf4 {[%emt 0:01:42]} c5 {[%emt 0:04:16]} 14. Bf5 {[%emt 0:00:27]} cxd4 {[%emt 0:13:10]} 15. Qxd4 {[%emt 0:14:12]} Nc5 {[%emt 0:06:20]} 16. Rfd1 {[%emt 0:02:34]} Ne6 {[%emt 0:03:58]} 17. Bxe6 {[%emt 0:10:10]} fxe6 {[%emt 0:00:07]} 18. Ne5 {[%emt 0:00:01]} Bc5 {[%emt 0:01:57]} 19. Qd3 {[%emt 0:01:32]} a5 {[%emt 0:02:32]} 20. Bd4 {[%emt 0:01:02]} Ba6 {[%emt 0:01:32]} 21. Qb1 {[%emt 0:01:11]} Rc8 {[%emt 0:03:57]} 22. Qa1 {[%emt 0:06:26]} Qe7 {[%emt 0:06:31]} 23. h4 {[%emt 0:00:06]} Ne4 {[%emt 0:04:45]} 24. Nf3 {[%emt 0:03:26]} Nd6 {[%emt 0:07:40]} 25. Ng5 {[%emt 0:04:14]} Qd7 {[%emt 0:03:59]} 26. Qb1 {[%emt 0:01:08]} Nf5 {[%emt 0:02:46]} 27. Nfxe6 {[%emt 0:01:28]} g6 {[%emt 0:00:06]} 28. Bxc5 {[%emt 0:00:31]} Rxe6 {[%emt 0:00:41]} 29. Nxe6 {[%emt 0:00:11]} Qxe6 {[%emt 0:00:01]} 30. Bd4 {[%emt 0:03:32]} Nxh4 {[%emt 0:01:16]} 31. f3 {[%emt 0:01:24]} Rf8 {[%emt 0:00:51]} 32. Qc2 {[%emt 0:04:58]} Rxf3 {[%emt 0:00:56]} 33. Qc7 {[%emt 0:00:45]} Nf5 {[%emt 0:00:32]} 34. Qd8+ {[%emt 0:00:14]} Kf7 {[%emt 0:00:09]} 35. Rc7+ {[%emt 0:00:08]} Ne7 {[%emt 0:00:05]} 36. gxf3 {[%emt 0:00:23]} Be2 {[%emt 0:00:14]} 37. Rdc1 {[%emt 0:01:01]} 1-0

[Event "7th Iberoamerican-ch 2019"]
[Site "Linares"]
[Date "2019.08.10"]
[Round "1.32"]
[White "Silva, Goncalo Nuno Neto Pi"]
[Black "Plazuelo Pascual, Juan"]
[Result "0-1"]
[WhiteElo "2085"]
[BlackElo "2403"]
[Annotator "NA"]
[PlyCount "82"]
[EventDate "2019.08.10"]
[EventType "swiss"]
[EventCountry "ESP"]
[SourceTitle "playchess.com"]
[Source "ChessBase"]
[SourceQuality "1"]
[TimeControl "5400+30"]

1. e4 {[%emt 0:02:12]} e6 {[%emt 0:00:00]} 2. d4 {[%emt 0:00:23]} d5 {[%emt 0:00:00]} 3. exd5 {[%emt 0:00:04]} exd5 {[%emt 0:00:00]} 4. Nf3 {[%emt 0:00:06]} Bd6 {[%emt 0:00:57]} 5. c4 {[%emt 0:00:36]} Nf6 {[%emt 0:01:00]} 6. Nc3 {[%emt 0:01:29]} O-O {[%emt 0:00:43]} 7. c5 {[%emt 0:04:13]} Be7 {[%emt 0:06:19]} 8. Be2 {[%emt 0:09:18]} b6 {[%emt 0:00:48]} 9. cxb6 {[%emt 0:00:08]} axb6 {[%emt 0:00:05]} 10. O-O {[%emt 0:00:21]} Bb7 {[%emt 0:06:05]} 11. Bg5 {[%emt 0:06:36]} h6 {[%emt 0:04:24]} 12. Bh4 {[%emt 0:00:27]} c5 {[%emt 0:02:21]} 13. Qb3 {[%emt 0:04:01]} c4 {[%emt 0:05:54]} 14. Qc2 {[%emt 0:00:08]} Nc6 {[%emt 0:02:02]} 15. Rad1 {[%emt 0:00:10]} Ra5 {[%emt 0:08:51]} 16. Ne5 {[%emt 0:01:12]} Nxe5 {[%emt 0:23:01]} 17. dxe5 {[%emt 0:00:11]} Nd7 {[%emt 0:00:05]} 18. Bg3 {[%emt 0:00:41]} Qa8 {[%emt 0:02:01]} 19. Bg4 {[%emt 0:08:20]} Nc5 {[%emt 0:03:50]} 20. b4 {[%emt 0:04:29]} cxb3 {[%emt 0:00:11]} 21. axb3 {[%emt 0:00:03]} d4 {[%emt 0:07:18]} 22. Rxd4 {[%emt 0:02:24]} Bxg2 {[%emt 0:00:08]} 23. Rfd1 {[%emt 0:00:23]} Ne6 {[%emt 0:03:48]} 24. Rd7 {[%emt 0:03:00]} Bh1 {[%emt 0:05:30]} 25. f3 {[%emt 0:05:50]} Bxf3 {[%emt 0:00:30]} 26. Bxf3 {[%emt 0:00:49]} Qxf3 {[%emt 0:00:06]} 27. Rxe7 {[%emt 0:02:04]} Ng5 {[%emt 0:00:03]} 28. Qg2 {[%emt 0:01:57]} Qxc3 {[%emt 0:00:11]} 29. Red7 {[%emt 0:00:47]} Ra1 {[%emt 0:02:34]} 30. Rxa1 {[%emt 0:03:23]} Qxa1+ {[%emt 0:00:05]} 31. Qf1 {[%emt 0:00:05]} Qb2 {[%emt 0:00:20]} 32. Qd3 {[%emt 0:05:05]} Ne6 {[%emt 0:00:07]} 33. Qf3 {[%emt 0:04:17]} Nd4 {[%emt 0:03:14]} 34. Qf2 {[%emt 0:00:47]} Qb1+ {[%emt 0:00:09]} 35. Kg2 {[%emt 0:01:24]} Qe4+ {[%emt 0:00:05]} 36. Kf1 {[%emt 0:00:11]} Nxb3 {[%emt 0:02:01]} 37. Qf4 {[%emt 0:03:07]} Qb1+ {[%emt 0:00:46]} 38. Kg2 {[%emt 0:00:12]} Qc2+ {[%emt 0:00:36]} 39. Kh3 {[%emt 0:00:25]} Nc5 {[%emt 0:01:12]} 40. Rd6 {[%emt 0:00:51]} Ne6 {[%emt 0:00:48]} 41. Qf2 {[%emt 0:01:13]} Qe4 {[%emt 0:00:33]} 0-1

[Event "7th Iberoamerican-ch 2019"]
[Site "Linares"]
[Date "2019.08.10"]
[Round "1.33"]
[White "Cori T., Deysi"]
[Black "Martinez-Conde Hernandez, Carlos"]
[Result "1-0"]
[WhiteElo "2405"]
[BlackElo "2085"]
[Annotator "NA"]
[PlyCount "81"]
[EventDate "2019.08.10"]
[EventType "swiss"]
[EventCountry "ESP"]
[SourceTitle "playchess.com"]
[Source "ChessBase"]
[SourceQuality "1"]
[TimeControl "5400+30"]

1. d4 {[%emt 0:00:00]} Nf6 {[%emt 0:00:00]} 2. Nf3 {[%emt 0:00:00]} g6 {[%emt 0:00:00]} 3. g3 {[%emt 0:00:00]} Bg7 {[%emt 0:00:06]} 4. Bg2 {[%emt 0:00:00]} O-O {[%emt 0:00:12]} 5. O-O {[%emt 0:00:00]} d6 {[%emt 0:00:06]} 6. b3 {[%emt 0:00:00]} e5 {[%emt 0:00:17]} 7. dxe5 {[%emt 0:02:13]} dxe5 {[%emt 0:00:20]} 8. Bb2 {[%emt 0:01:27]} Qxd1 {[%emt 0:04:19]} 9. Rxd1 {[%emt 0:00:06]} Nc6 {[%emt 0:00:04]} 10. Nxe5 {[%emt 0:06:30]} Ng4 {[%emt 0:02:54]} 11. Nc4 {[%emt 0:01:29]} Nce5 {[%emt 0:07:16]} 12. Nba3 {[%emt 0:03:29]} Rb8 {[%emt 0:03:22]} 13. Bd4 {[%emt 0:17:02]} b6 {[%emt 0:06:00]} 14. Nxe5 {[%emt 0:02:30]} Nxe5 {[%emt 0:00:59]} 15. f4 {[%emt 0:00:43]} Ng4 16. Nb5 {[%emt 0:08:50]} Bxd4+ {[%emt 0:07:04]} 17. Rxd4 {[%emt 0:02:45]} c5 {[%emt 0:15:18]} 18. Rd3 {[%emt 0:08:08]} Ba6 {[%emt 0:13:11]} 19. a4 Rbd8 20. Rad1 {[%emt 0:04:49]} Rxd3 {[%emt 0:01:08]} 21. Rxd3 Re8 22. e4 {[%emt 0:01:05]} Bxb5 {[%emt 0:00:46]} 23. axb5 {[%emt 0:09:04]} Re7 {[%emt 0:01:27]} 24. e5 {[%emt 0:07:34]} Kg7 {[%emt 0:04:01]} 25. Bf3 Nh6 26. g4 {[%emt 0:00:43]} Ng8 {[%emt 0:01:03]} 27. g5 {[%emt 0:00:46]} h6 {[%emt 0:00:58]} 28. h4 {[%emt 0:00:10]} hxg5 {[%emt 0:00:01]} 29. hxg5 {[%emt 0:00:04]} Rc7 {[%emt 0:00:23]} 30. c4 {[%emt 0:00:20]} Ne7 {[%emt 0:01:03]} 31. Bg4 {[%emt 0:00:07]} Kf8 {[%emt 0:05:09]} 32. Rd8+ {[%emt 0:00:47]} Kg7 {[%emt 0:00:02]} 33. Kf2 {[%emt 0:00:44]} Rb7 {[%emt 0:01:37]} 34. Kf3 {[%emt 0:00:52]} Rc7 {[%emt 0:00:13]} 35. Ke4 {[%emt 0:00:12]} Rb7 {[%emt 0:00:43]} 36. Ra8 {[%emt 0:01:06]} Ng8 {[%emt 0:02:38]} 37. Kd5 {[%emt 0:01:31]} Ne7+ {[%emt 0:00:33]} 38. Kd6 {[%emt 0:00:16]} Nf5+ {[%emt 0:00:43]} 39. Bxf5 {[%emt 0:00:13]} gxf5 {[%emt 0:00:01]} 40. Re8 {[%emt 0:00:26]} Kg6 {[%emt 0:00:38]} 41. Kc6 {[%emt 0:00:12]} 1-0